| 000 | 02821cam a2200205 a 4500 | ||
|---|---|---|---|
| 999 |
_c7738 _d7738 |
||
| 003 | OSt | ||
| 005 | 20200518123809.0 | ||
| 008 | 080201s2008 nyuae 000 0 eng | ||
| 020 | _a9781568987453 (alk. paper) | ||
| 082 | 0 | 0 |
_a720 _222 |
| 100 | 1 | _aMoe, Kiel. | |
| 245 | 1 | 0 |
_aIntegrated design in contemporary architecture / _cKiel Moe. |
| 250 | _a1st ed. | ||
| 260 |
_aNew York, N.Y. : _bPrinceton Architectural Press, _cc2008. |
||
| 300 |
_a203 p. : _bcol. ill., plans (some col.) ; _c32 cm. |
||
| 505 | 0 | _aU.S. Federal Building, San Francisco / Morphosis -- Manitoba Hydro Downtown Office Project, Winnipeg / Kuwabara Payne McKenna Blumberg Architects -- The Bank of America Tower at One Bryant Park, New York / Cook + Fox Architects -- Lovejoy Building, Portland, Oregon / Opsis Architecture -- 290 Mulberry, New York / SHoP Architects -- The Clarence, Kingston, Ontario / Behnisch Architects and Next Phase Studios -- 557/559, Boston / Utile -- ecoMOD, Charlottesville / University of Virginia School of Architecture, John Quale -- Chicago residence, Chicago / Wheeler Kearns Architects -- New residence at the Swiss Embassy, Washington, D.C. / Steven Holl Architects and Rüssli Architekten -- Museum of Contemporary Art, Denver / Adjaye Associates -- North Carolina Museum of Art, Raleigh / Thomas Phifer and Partners -- The Glass Pavilion at the Toledo Museum of Art, Toledo, Ohio / Kazuyo Sejima + Ryue Mishizawa: SANAA -- Crown Hall renovation, Illinois Institute of Technology, Chicago / Krueck & Sexton Architects -- Lavin-Bernick Center for University Life, Tulane University, New Orleans / VJAA -- Seminar II Building at the Evergreen State College, Olympia, Washington / Mahlum Architects -- Milton Academy Science Building, Milton, Massachusetts / The Rose + Guggenheim Studio -- Interdisciplinary Science and Technology Building 2, Arizona State University, Tempe / richärd + bauer -- University of Arizona College of Architecture and Landscape Architecture, Tucson / Jones Studio -- Sidwell Friends School, Middle School renovation and addition, Washington, D.C. / Kieran Timberlake Associates -- Technology Access Foundation, White Center, Lakewood, Washington / Miller Hull Partnership -- Artists for Humanity EpiCenter, Boston / Arrowstreet -- Pittsburgh Glass Center, Pittsburgh, Pennsylvania / Davis Gardner Gannon Pope Architecture with Bruce Lindsay -- Gleneagles Community Center, West Vancouver, British Columbia / Patkau Architects -- Water + Life Museums, Hemet, California / Lehrer + Gangi Design + Build -- U.S. Border Patrol Station, Murrieta, California / Garrison Architects -- Fire Station 10, Seattle / Weinstein A/U Architects and Urban Designers. | |
| 650 | 0 |
_aSustainable architecture _zUnited States. |
|
| 650 | 0 |
_aArchitecture _zUnited States _xHistory _y21st century. |
|
| 942 | _2ddc | ||